Faraón, ktorému Boh zabil syna životné osudy Ramesseho II.

Bibliographic Details
Main Author: Magdolen, Dušan, 1969- (Author)
Format: Article
Language:Slovak
PhysicalDescription:Fotogr.
ISSN:1335-8316
Subjects:

MARC

LEADER 00000nab a2200000 a 4500
001 vtls008879510
003 SK-MaSNL
005 20260304144924.0
008 250505c2006 xo |||| |h| 000 b|slo
015 |a SNBRB2006/11  |2 snkbucl 
035 |a (uuid)df080921-323e-4fe7-adca-b402319b2de9 
035 |a urn:nbn:sk:snk-ab991u 
035 |a (urnnbn)urn:nbn:sk:snk:ar-a0827p 
038 |a SNKBUCL 
040 |a SNKBUCL  |b slo  |c SNKBUCL  |e AACR2 
041 0 |a slo 
044 |a xo  |c SK 
080 |a 94(32)-051  |x "-12"  |2 1997 
080 |a 929 Ramzes II.  |2 1997 
100 1 |a Magdolen, Dušan,  |d 1969-  |4 aut  |9 98008 
245 1 0 |a Faraón, ktorému Boh zabil syna  |b životné osudy Ramesseho II.  |c Dušan Magdolen 
300 |b Fotogr. 
600 0 7 |a Ramzes  |b II.  |c egyptský faraón  |d ?1298-1230 pr.n.l.  |2 snkbucl  |9 1466930 
773 0 |t História  |g Roč. 6, č. 5 (2006), s. 2-4  |x 1335-8316 
850 |a Slovenská národná knižnica 
852 |a Slovenská národná knižnica 
954 |a odborná, vedecká literatúra pôvodná (slovenská)  |2 lita 
958 |a article13 
958 |a OND 
958 |a EG 
958 |a BC 
958 |a EUIPO 
999 |c 2933898  |d 2935828